| 000 | 02214ngc a2200397 a 4500 | ||
|---|---|---|---|
| 003 | CHAP | ||
| 005 | 20260306062805.0 | ||
| 007 | vz czazzs | ||
| 008 | 221013s2021 mx 100|f |||| s0| vlspa d | ||
| 040 |
_amxchpua _cCHAP |
||
| 090 | _aVídeo | ||
| 100 | 1 |
_9148849 _aHernández Montes, Arturo _d1955 |
|
| 245 | 1 | 0 |
_aQueso Jarocho _h[Videograbación] / _cdirector Arturo Hernández Montes |
| 250 | _a1a edición | ||
| 260 |
_aChapingo, México : _bEl autor, _c2012 |
||
| 306 | _a001004 | ||
| 490 | 1 |
_aVídeos sobre Quesos genuinos ; _v4 |
|
| 500 | _aDuración: 10:04 minutos Agradecimiento a: Queseros de Paso Carretas del municipio de Tlalixcoyan, Veracruz | ||
| 505 | 0 | 0 |
_tOrigen _g(00:28) -- _tCaracterísticas del queso jarocho _g(01:08) -- _tOrdeña _g(01:41) -- _tColecta _g(02:15) -- _tRecepción _g(03:01) -- _tAdición de sales _g(03:18) -- _tCuajado _g(03:36) -- _tCortado del gel _g(04:14) -- _tPrimer reposo _g(04:28) -- _tAgitado o quebrado _g(04:40) -- _tSegundo reposo _g(04:56) -- _tPrimer desuerado _g(05:07) -- _tAdición de hielo _g(05:33) -- _tMezclado manual _g(05:45) -- _tTercer reposo _g(06:00) -- _tSegundo desuerado _g(06:10) -- _tSalado _g(06:21) -- _tMoldeado _g(06:33) -- _tPrensado _g(07:19) -- _tDesprensado y desmoldado _g(07:36) -- _tEmpacado _g(07:46) -- _tConservación _g(08:08) -- _tVenta _g(08:22) -- _tCréditos _g(09:13) |
| 511 | 0 | _aNarrador: Ray Acosta | |
| 511 | 0 | _aGuión: Armando Santos Moreno y Abraham Z. Villegas de Gante | |
| 521 | 4 | _aObra recomendada para estudiantes del Departamento de Ingeniería Agroindustrial | |
| 538 | _aModo de acceso: Internet | ||
| 546 | _aAudio: En español | ||
| 650 | 1 | 3 |
_9144437 _aQueso artesanal _zMéxico _zJalisco |
| 650 | 1 | 3 |
_9142991 _aFabricación de queso |
| 650 | 1 | 3 |
_9152329 _aTecnología lechera |
| 650 | 1 | 3 |
_9185223 _aArtisan cheese _zMexico _zJalisco |
| 650 | 1 | 3 |
_9146964 _aCheesemaking |
| 650 | 1 | 3 |
_9161553 _aDairy technology |
| 700 | 1 |
_9148849 _aHernández Montes, Arturo _ecamarógrafo |
|
| 710 | 2 |
_aUniversidad Autónoma Chapingo _bDepartamento de Ingeniería Agroindustrial. Instituto de Alimentos _9143749 |
|
| 710 | 1 |
_9185632 _aCONACYT _4Financiamiento |
|
| 856 |
_yVER VÍDEO _u http://10.13.5.2/video/Queso_Jarocho_Largo.mp4 |
||
| 942 |
_2local _cV |
||
| 999 |
_c217763 _d217763 |
||